[Event "American Continental"]
[Site "Buenos Aires ARG"]
[Date "2005.08.16"]
[Round "11"]
[White "Scarella,E"]
[Black "Mareco,S"]
[Result "0-1"]
[WhiteElo "2367"]
[BlackElo "2187"]
[EventDate "2005.08.06"]

1. d4 Nf6 2. Nf3 g6 3. c4 Bg7 4. Nc3 O-O 5. e4 d6 6. Be2 e5 7. O-O Nc6 8.
Be3 Ng4 9. Bg5 f6 10. Bh4 h5 11. dxe5 dxe5 12. h3 Nh6 13. c5 Be6 14. Qa4
Qe7 15. Bc4 g5 16. Bg3 Rfd8 17. Bd5 g4 18. hxg4 hxg4 19. Nh4 Nd4 20. Bxe6+
Qxe6 21. Nd5 Qf7 22. Ne3 Ne2+ 23. Kh2 Bf8 24. c6 b6 25. Rfe1 Nd4 26. Rac1
b5 27. Qa5 Qh7 28. Nd5 Rxd5 29. exd5 Nhf5 30. Re4 Nxh4 31. Rxg4+ Ng6+ 32.
Bh4 Bd6 33. Rh1 f5 34. Rxd4 exd4+ 35. Kg1 Nxh4 36. Qd2 Re8 37. Kf1 Nf3 0-1

[Event "American Continental"]
[Site "Buenos Aires ARG"]
[Date "2005.08.16"]
[Round "11"]
[White "Zapata,Marc"]
[Black "Gonzalez Zamora,J"]
[Result "0-1"]
[WhiteElo "2353"]
[BlackElo "2546"]
[EventDate "2005.08.06"]

1. e4 c5 2. Nf3 Nc6 3. c3 Nf6 4. e5 Nd5 5. Bc4 e6 6. d4 cxd4 7. cxd4 d6 8.
exd6 Bxd6 9. Nc3 Nxc3 10. bxc3 O-O 11. O-O h6 12. Re1 b6 13. Qd3 Na5 14.
Bb5 Bd7 15. Bxd7 Qxd7 16. Ne5 Bxe5 17. Rxe5 Rac8 18. Qg3 Kh7 19. Rh5 f5 20.
Bg5 Qf7 21. Qh4 Qg6 22. Re1 Rxc3 23. d5 Rc4 24. Qh3 Re4 25. Rxe4 fxe4 26.
Be7 e3 0-1

[Event "American Continental"]
[Site "Buenos Aires ARG"]
[Date "2005.08.16"]
[Round "11"]
[White "D'Arruda,R"]
[Black "Valerga,D"]
[Result "0-1"]
[WhiteElo "2320"]
[BlackElo "2499"]
[EventDate "2005.08.06"]

1. d4 Nf6 2. Nf3 d6 3. Nc3 Nbd7 4. e4 e5 5. Bg5 Be7 6. Qd2 O-O 7. O-O-O c6
8. Bd3 b5 9. h4 Rb8 10. dxe5 dxe5 11. h5 Re8 12. g4 Nxg4 13. Bxe7 Qxe7 14.
Rdg1 Nc5 15. Rh4 Qf6 16. Qe2 Qh6+ 17. Kb1 Nf6 18. Ng5 Ne6 19. Nxe6 Bxe6 20.
Nd1 Kh8 21. f3 Nd7 22. Ne3 Qf6 23. Rh2 Rg8 24. Rhg2 Nc5 25. Ng4 Qe7 26. Qe3
f6 27. f4 Bxg4 28. Rxg4 Ne6 29. fxe5 fxe5 30. c3 Nf4 31. Bc2 c5 32. a4 a6
33. axb5 axb5 34. Rg5 c4 35. Rf5 b4 36. Rgg5 b3 37. Bd1 Qd6 38. Be2 Nxe2
39. Qxe2 Rgd8 40. Rg1 Ra8 0-1

[Event "American Continental"]
[Site "Buenos Aires ARG"]
[Date "2005.08.16"]
[Round "11"]
[White "Garcia,Gild"]
[Black "Hobaica,J"]
[Result "1-0"]
[WhiteElo "2453"]
[BlackElo "2317"]
[EventDate "2005.08.06"]

1. e4 c5 2. Nf3 e6 3. d4 cxd4 4. Nxd4 a6 5. Bd3 Qc7 6. O-O Nf6 7. Qe2 d6 8.
c4 Be7 9. b3 O-O 10. Bb2 Nc6 11. Nxc6 Qxc6 12. Nc3 b6 13. f4 Nd7 14. Kh1
Re8 15. e5 Rb8 16. Rad1 g6 17. exd6 Bxd6 18. f5 Be5 19. fxg6 hxg6 20. Bxg6
fxg6 21. Rxd7 Bh8 22. Rdf7 Bb7 23. Qg4 Qxg2+ 24. Qxg2 Bxg2+ 25. Kxg2 b5 26.
cxb5 axb5 27. R7f2 Re7 28. Ne4 Bxb2 29. Rxb2 b4 30. Rc2 Rb5 31. Kg3 Kg7 32.
Rfc1 Ra5 33. Rc7 Rxc7 34. Rxc7+ Kh6 35. h4 1-0

[Event "American Continental"]
[Site "Buenos Aires ARG"]
[Date "2005.08.16"]
[Round "11"]
[White "Bronstein,L"]
[Black "Rojas,L"]
[Result "0-1"]
[WhiteElo "2342"]
[BlackElo "2437"]
[EventDate "2005.08.06"]

1. e4 e6 2. d4 d5 3. Nc3 Bb4 4. e5 c5 5. Bd2 Ne7 6. Nb5 Bxd2+ 7. Qxd2 O-O
8. c3 Nbc6 9. f4 Qb6 10. Nf3 Bd7 11. dxc5 Qxc5 12. Nbd4 f6 13. Bd3 fxe5 14.
fxe5 Nxd4 15. cxd4 Qb6 16. O-O Be8 17. Ng5 Bg6 18. Bxg6 Nxg6 19. Qd3 Rf5
20. Rxf5 exf5 21. Qxf5 Qxd4+ 22. Kh1 Qf4 23. Qe6+ Kh8 24. Nf7+ Kg8 25. Nd8+
Kh8 26. Nf7+ Kg8 27. Nd8+ Kh8 28. Qxd5 h6 29. e6 Rc8 30. Nf7+ Kh7 31. Rd1
Rc2 32. Qd3 Qf2 33. Rg1 Re2 34. h3 Rxe6 35. Nd8 Re3 36. Qb1 Qh4 37. Rd1 Re2
38. Qd3 Qf2 39. Qd5 Nh4 40. Nxb7 Qxg2+ 41. Qxg2 Nxg2 42. Rb1 Nh4 0-1

[Event "American Continental"]
[Site "Buenos Aires ARG"]
[Date "2005.08.16"]
[Round "11"]
[White "Lafuente,P"]
[Black "Arambel,S"]
[Result "1-0"]
[WhiteElo "2435"]
[BlackElo "2295"]
[EventDate "2005.08.06"]

1. d4 Nf6 2. c4 e6 3. Nc3 Bb4 4. Qc2 c5 5. dxc5 Bxc5 6. Nf3 Qb6 7. e3 Qc7
8. Be2 a6 9. O-O b6 10. b3 Bb7 11. Rd1 O-O 12. Bb2 Be7 13. Ng5 Rd8 14. Nce4
Nxe4 15. Nxe4 d6 16. Qc3 e5 17. Bf3 Ra7 18. Qe1 Nd7 19. Ba3 Nf6 20. Nxf6+
Bxf6 21. Bxb7 Rxb7 22. Rd5 Qb8 23. Rad1 Be7 24. Qd2 Rbd7 25. Bb2 f6 26. a4
Rc8 27. Ba3 Rc6 28. Rxe5 fxe5 29. Qd5+ Kh8 30. Qxc6 Qb7 31. Qxb7 Rxb7 32.
Rd5 Rd7 33. a5 bxa5 34. c5 Kg8 35. cxd6 Bd8 36. Rxe5 Kf7 37. Rf5+ Ke8 38.
Kf1 Rb7 39. d7+ Kxd7 40. Rf7+ Kc6 41. Rxb7 Kxb7 42. Ke2 Kc6 43. Kd3 Kb5 44.
Bd6 a4 45. bxa4+ Kxa4 46. Kc4 Ka5 47. e4 Kb6 48. Kd5 1-0

[Event "American Continental"]
[Site "Buenos Aires ARG"]
[Date "2005.08.16"]
[Round "11"]
[White "Patriarca,L"]
[Black "Claverie,R"]
[Result "1/2-1/2"]
[WhiteElo "2266"]
[BlackElo "2388"]
[EventDate "2005.08.06"]

1. c4 f5 2. Nc3 Nf6 3. g3 g6 4. Bg2 Bg7 5. d3 O-O 6. e4 Nc6 7. Nge2 d6 8.
O-O e5 9. Nd5 fxe4 10. dxe4 Be6 11. Bg5 Rf7 12. Qd2 Qd7 13. b3 Raf8 14.
Rad1 Kh8 15. f3 b6 16. Nb4 Ne7 17. Qc1 c5 18. Nd3 Nc6 19. Bd2 Qc8 20. a4 a6
21. Nf2 Rc7 22. Bh6 Rd8 23. Bxg7+ Kxg7 24. f4 Nd4 25. Nxd4 exd4 26. f5 Bg8
27. g4 Rf8 28. g5 Nd7 1/2-1/2

[Event "American Continental"]
[Site "Buenos Aires ARG"]
[Date "2005.08.16"]
[Round "11"]
[White "Mekhitarian,K"]
[Black "Uribe,M"]
[Result "0-1"]
[WhiteElo "2218"]
[BlackElo "2373"]
[EventDate "2005.08.06"]

1. e4 c5 2. Nf3 Nc6 3. d4 cxd4 4. Nxd4 Nf6 5. Nc3 e5 6. Ndb5 d6 7. Bg5 a6
8. Na3 b5 9. Bxf6 gxf6 10. Nd5 f5 11. Bd3 Be6 12. O-O Bxd5 13. exd5 Ne7 14.
c3 Bg7 15. Re1 O-O 16. Qh5 Qd7 17. Rad1 e4 18. Bf1 Ng6 19. Nc2 Rfe8 20. g3
f4 21. Bh3 Qa7 22. Nd4 e3 23. fxe3 Rxe3 24. Rxe3 fxe3 25. Qe2 Bxd4 26. Rxd4
Re8 27. Bg2 f5 28. h4 Re5 29. Kh2 a5 30. a3 Qe7 31. h5 Nf8 32. a4 bxa4 33.
Rxa4 Qg5 34. Rxa5 f4 35. gxf4 Qxf4+ 36. Kg1 Rf5 37. Ra1 Qe5 38. Rf1 Rxh5
39. Rf3 Qh2+ 40. Kf1 Re5 41. Rh3 Qf4+ 42. Rf3 Qh2 43. Rh3 Qf4+ 44. Rf3 Qg5
45. Bh3 Ng6 46. Be6+ Kg7 47. Ke1 Qh4+ 48. Kd1 Nf4 49. Rxf4 Qxf4 50. Qg4+
Qxg4+ 51. Bxg4 Rxd5+ 52. Ke2 Rd2+ 53. Kxe3 Rxb2 0-1

[Event "American Continental"]
[Site "Buenos Aires ARG"]
[Date "2005.08.16"]
[Round "11"]
[White "Amura,C"]
[Black "Mesias,R"]
[Result "1-0"]
[WhiteElo "2372"]
[BlackElo "2220"]
[EventDate "2005.08.06"]

1. d4 Nf6 2. c4 g6 3. Nc3 Bg7 4. e4 d6 5. Be2 c5 6. d5 a6 7. Nf3 Bg4 8. O-O
O-O 9. h3 Bxf3 10. Bxf3 Qc7 11. Bf4 Nfd7 12. Qd2 Re8 13. Rfe1 Nf8 14. Be2
Nbd7 15. Bg3 Rad8 16. Rad1 Qa5 17. Kh1 Nb6 18. f4 Qb4 19. a3 Qb3 20. Qd3
Na4 21. Nxa4 Qxa4 22. e5 Nd7 23. e6 fxe6 24. dxe6 Nf6 25. f5 g5 26. Bf3 b5
27. b3 bxc4 28. bxc4 Rb8 29. Rb1 h5 30. Bb7 g4 31. Rb6 Rxb7 32. Rxb7 gxh3
33. Reb1 hxg2+ 34. Kxg2 d5 35. Qb3 Qxb3 36. R1xb3 dxc4 37. Rb1 Nd5 38. Kf3
Bh6 39. Be5 c3 40. Rb8 Rf8 41. Rxf8+ Bxf8 42. Ke4 Nf6+ 43. Kd3 Bg7 44. Bxc3
Nd5 45. Bd2 Bd4 46. Rb7 h4 47. Kc4 h3 48. f6 exf6 49. Rb8+ Kg7 50. Rb1 h2
51. Rh1 Nb6+ 52. Kd3 Be5 53. Be3 Na4 54. Kc4 f5 55. Kd5 Bg3 56. Bh6+ Kg6
57. Bg5 Nc3+ 58. Kc6 Ne4 59. e7 Kf7 60. Kd7 Nd6 61. Rf1 Kg6 62. Be3 c4 63.
Bc5 1-0

[Event "American Continental"]
[Site "Buenos Aires ARG"]
[Date "2005.08.16"]
[Round "11"]
[White "Luconi,C"]
[Black "Blanco Fernandez,A"]
[Result "0-1"]
[WhiteElo "2258"]
[BlackElo "2367"]
[EventDate "2005.08.06"]

1. d4 d5 2. Nf3 Nc6 3. Bf4 Bg4 4. Nbd2 e6 5. e3 Bd6 6. Bxd6 cxd6 7. c4 Nf6
8. Be2 O-O 9. O-O e5 10. h3 Bh5 11. Rc1 Re8 12. Re1 e4 13. Nh2 Bxe2 14.
Qxe2 Nb4 15. Rc3 Nd3 16. Rb1 dxc4 17. Rxc4 Qa5 18. a3 d5 19. Rc3 Rac8 20.
Nb3 Qa6 21. Qc2 b6 22. Nc1 Rxc3 23. Qxc3 Rc8 24. Qd2 h5 25. Nf1 g6 26. Nxd3
exd3 27. Rd1 Rc2 28. Qxd3 Qxd3 29. Rxd3 Rxb2 30. f3 h4 31. g4 Nh7 32. Rd2
Rb3 33. Ra2 Ng5 34. Kg2 Kf8 35. a4 Ke7 36. f4 Ne4 37. a5 b5 38. Kf3 b4 39.
Nd2 Ra3 40. Rb2 Nxd2+ 41. Rxd2 Rxa5 42. Ke2 b3 43. Rd3 Ra1 44. Rd1 0-1

[Event "American Continental"]
[Site "Buenos Aires ARG"]
[Date "2005.08.16"]
[Round "11"]
[White "Sosa Harrison,J"]
[Black "Demaria,J"]
[Result "1/2-1/2"]
[WhiteElo "2346"]
[BlackElo "2272"]
[EventDate "2005.08.06"]

1. Nf3 c5 2. c4 Nc6 3. d4 cxd4 4. Nxd4 g6 5. Nxc6 bxc6 6. g3 Bg7 7. Bg2 Rb8
8. O-O Rxb2 9. Bxb2 Bxb2 10. Nd2 Bxa1 11. Qxa1 Nf6 12. Ne4 O-O 13. Nxf6+
exf6 14. Qd4 Qa5 15. Bf3 Kg7 16. c5 Re8 17. Rb1 Qc7 18. h4 h5 19. e3 Qe5
20. Rb4 Kf8 21. Ra4 Qxd4 22. exd4 Re1+ 23. Kg2 a6 24. Rb4 Ke7 25. Rb2 Kd8
26. Be2 Rc1 27. Rb4 Rc2 28. Bc4 d5 29. Bb3 Rd2 30. Kf1 Kc7 31. Ke1 Rb2 32.
Rb6 a5 33. Bxd5 Rxb6 34. cxb6+ Kxb6 35. Bxf7 Bf5 36. Kd2 c5 37. Kc3 cxd4+
38. Kxd4 Kc6 39. f3 Kd6 40. Bb3 Bd7 41. Bc2 Be8 42. a3 g5 43. Be4 Bf7 44.
Bf5 Bd5 45. f4 gxh4 46. gxh4 Bf7 47. Be4 Bb3 48. Bf3 Bf7 49. Be2 Be8 50.
Kc4 Ke6 51. Bd3 Kd6 52. Bf5 Kc6 53. Be4+ Kd6 54. Bc2 Bc6 55. Bg6 Bf3 56.
Kb5 Kd5 57. Kxa5 Kd4 58. Kb6 Bd1 59. Kc6 f5 60. Bxf5 Ke3 61. Kc5 Kxf4 62.
Bg6 Kg4 63. Bxh5+ Kxh5 1/2-1/2

[Event "American Continental"]
[Site "Buenos Aires ARG"]
[Date "2005.08.16"]
[Round "11"]
[White "Moreda,L"]
[Black "Tobares,L"]
[Result "1-0"]
[WhiteElo "2329"]
[BlackElo "2260"]
[EventDate "2005.08.06"]

1. e4 c5 2. c3 d6 3. Nf3 Nf6 4. Be2 g6 5. O-O Bg7 6. Re1 Nc6 7. d4 O-O 8.
d5 Nb8 9. Qc2 a6 10. a4 b6 11. Bf4 Bg4 12. Nbd2 Nbd7 13. h3 Bxf3 14. Nxf3
Qc7 15. Rad1 Qb7 16. Bh2 Ne8 17. Qd3 Nc7 18. Nd2 b5 19. a5 c4 20. Qg3 Nc5
21. f4 b4 22. Bxc4 bxc3 23. bxc3 Qb2 24. e5 Nb5 25. Nb1 Qa1 26. Qh4 Rfe8
27. Kh1 Qa4 28. Bxb5 Qxb5 29. Re3 Qa4 30. Qe1 Reb8 31. f5 Rb2 32. exd6 Qc2
33. Nd2 Nd3 34. Rxd3 Qxd3 35. dxe7 Re8 36. f6 Qxd5 37. Nf3 Qxa5 38. fxg7
Rb7 39. Bd6 Qa4 40. Ne5 h5 41. Qf1 Rbxe7 42. Bxe7 Rxe7 43. Nf3 Rc7 44. Qe1
1-0

[Event "American Continental"]
[Site "Buenos Aires ARG"]
[Date "2005.08.16"]
[Round "11"]
[White "Zukerfeld,A"]
[Black "Contreras,H"]
[Result "1/2-1/2"]
[WhiteElo "2237"]
[BlackElo "2328"]
[EventDate "2005.08.06"]

1. e4 c5 2. Nf3 d6 3. d4 cxd4 4. Nxd4 Nf6 5. Nc3 a6 6. Bg5 e6 7. f4 Nbd7 8.
Bc4 b5 9. Bb3 Nc5 10. Qe2 Qc7 11. O-O-O Be7 12. Bxf6 gxf6 13. f5 h5 14. Qf3
Rb8 15. Rhe1 Bd7 16. Qg3 b4 17. fxe6 fxe6 18. Qg7 Rf8 19. Nf5 Nxb3+ 20.
axb3 Rf7 21. Qg8+ Rf8 22. Qg7 Rf7 23. Qg8+ Rf8 24. Qg7 1/2-1/2

[Event "American Continental"]
[Site "Buenos Aires ARG"]
[Date "2005.08.16"]
[Round "11"]
[White "Ianovsky,M"]
[Black "Critelli,J"]
[Result "1-0"]
[WhiteElo "2155"]
[BlackElo "2318"]
[EventDate "2005.08.06"]

1. d4 Nf6 2. Nf3 e6 3. c4 b6 4. g3 Ba6 5. b3 Bb4+ 6. Bd2 Be7 7. Bg2 c6 8.
O-O d5 9. Qc2 O-O 10. Rd1 Nbd7 11. Bf4 Rc8 12. Nc3 Nh5 13. Bc1 f5 14. Bb2
Qc7 15. Nb1 Bd6 16. Nbd2 Qb8 17. Rac1 Kh8 18. Qb1 Nhf6 19. Qa1 Rce8 20. Ne5
Bxe5 21. dxe5 Ne4 22. Bxe4 fxe4 23. Nxe4 Re7 24. Nd6 dxc4 25. bxc4 Qc7 26.
f4 c5 27. e4 Bb7 28. Rd2 Bc8 29. Re1 Kg8 30. Qd1 a6 31. h4 Qc6 32. Kh2 b5
33. f5 Nb6 34. cxb5 axb5 35. f6 Ra7 36. Rf1 Na4 37. Ba1 c4 38. fxg7 Rxf1
39. Qxf1 Rxg7 40. Nf5 Rd7 41. Nh6+ 1-0

[Event "American Continental"]
[Site "Buenos Aires ARG"]
[Date "2005.08.16"]
[Round "11"]
[White "Bielicki,C"]
[Black "Parrilli,F"]
[Result "1/2-1/2"]
[WhiteElo "2307"]
[BlackElo "2140"]
[EventDate "2005.08.06"]

1. c4 Nf6 2. Nf3 e6 3. d4 b6 4. g3 Bb7 5. Bg2 Be7 6. Nc3 Ne4 7. Bd2 O-O 8.
Qc2 f5 9. Rd1 Nxc3 10. Bxc3 Be4 11. Qd2 d6 12. O-O Nd7 13. Ne1 Nf6 14. Nd3
Bxg2 15. Kxg2 Ne4 16. Qc2 Nxc3 17. bxc3 Qd7 18. d5 e5 19. Nb4 f4 20. f3 Rf6
21. Nd3 Raf8 22. Nf2 g5 23. g4 a5 24. Rh1 Rg6 25. Rb1 Bd8 26. Qb3 Qg7 27.
Qd1 Kh8 28. Ne4 Be7 29. Qe1 Qh6 30. Qf2 Rfg8 31. Rbd1 Rd8 32. Rb1 Rdg8 33.
Rhd1 Rd8 34. Rh1 Rdg8 35. h3 Rd8 36. Kf1 Rf8 37. Kg2 Rd8 38. Kf1 Rf8
1/2-1/2

[Event "American Continental"]
[Site "Buenos Aires ARG"]
[Date "2005.08.16"]
[Round "11"]
[White "Guerrero,Alv"]
[Black "Chemin,J"]
[Result "1-0"]
[WhiteElo "2092"]
[BlackElo "2296"]
[EventDate "2005.08.06"]

1. d4 d5 2. Nf3 Nf6 3. c4 e6 4. Nc3 Nbd7 5. Bg5 c6 6. e4 dxe4 7. Nxe4 Qa5+
8. Bd2 Bb4 9. Nd6+ Ke7 10. c5 Bxd2+ 11. Nxd2 Rd8 12. a3 Kf8 13. Bc4 Ne8 14.
b4 Qc7 15. N2e4 Ndf6 16. Nxf6 Nxf6 17. O-O Ne8 18. Qh5 Kg8 19. Nxe8 Rxe8
20. Rfe1 Qf4 21. Rad1 Bd7 22. Rd3 g6 23. Qe5 Qxe5 24. dxe5 Re7 25. Red1 Be8
26. f4 Kf8 27. a4 Rc7 28. a5 b6 29. Rb3 Rb8 30. a6 Ke7 31. Kf2 Bd7 32. Ke3
Bc8 33. Ra1 Rd7 34. Raa3 Rd1 35. Be2 Rd8 36. Bf3 bxc5 37. bxc5 Rxb3+ 38.
Rxb3 Bxa6 39. Bxc6 Rc8 40. Bb7 Rb8 41. c6 Kd8 42. Rc3 Rxb7 43. cxb7 Bxb7
44. g3 a6 45. Kd4 Bg2 46. Rc5 Bf1 47. Rc3 Ke7 48. Rc7+ Kf8 49. Kc5 h6 50.
Kd6 Bd3 51. g4 a5 52. Ra7 a4 53. Rxa4 g5 54. Rd4 Bc2 55. Rb4 gxf4 56. Rxf4
Bg6 57. Rf6 h5 58. h3 h4 59. Rf4 Kg8 60. Rf2 Kg7 61. Ke7 Be4 62. Rxf7+ Kg6
63. Rf8 Bg2 64. Rg8+ Kh6 65. Kf6 Kh7 66. Rg5 Bxh3 1-0

[Event "American Continental"]
[Site "Buenos Aires ARG"]
[Date "2005.08.16"]
[Round "11"]
[White "Mazziotti Irigoyen,G"]
[Black "Duje,R"]
[Result "1-0"]
[WhiteElo "2293"]
[BlackElo "2146"]
[EventDate "2005.08.06"]

1. e4 c5 2. Nf3 d6 3. d4 cxd4 4. Nxd4 Nf6 5. f3 g6 6. c4 Bg7 7. Be3 Nc6 8.
Qd2 O-O 9. Nc3 Bd7 10. Be2 a6 11. O-O Rc8 12. Rab1 Ne5 13. b3 Re8 14. h3
Bc6 15. Rfc1 Ned7 16. b4 b6 17. Nxc6 Rxc6 18. Na4 Qa8 19. c5 bxc5 20. bxc5
dxc5 21. Nxc5 Nxc5 22. Rxc5 Rxc5 23. Bxc5 e6 24. Qa5 Nh5 25. Qxa6 Qd8 26.
Qd6 Bf8 27. Qe5 Bg7 28. Qd6 Bf8 29. Qe5 Bg7 30. Qd6 Qc8 31. Ba6 Qa8 32. Qd7
Nf6 33. Qb7 Qd8 34. Bb5 Bf8 35. Bb6 Qb8 36. Qxb8 Rxb8 37. Bd4 Nh5 38. a4
Rd8 39. Be3 Ra8 40. Bb6 Bd6 41. a5 Rc8 42. a6 Bb8 43. Bd7 Rc2 44. Bd4 Bg3
45. a7 e5 46. a8=Q+ Kg7 47. Qa4 Rd2 48. Be3 Re2 49. Qb3 Bf4 50. Bxf4 Nxf4
51. Rb2 1-0

[Event "American Continental"]
[Site "Buenos Aires ARG"]
[Date "2005.08.16"]
[Round "11"]
[White "Lemos,D"]
[Black "Orsini,A"]
[Result "1/2-1/2"]
[WhiteElo "2284"]
[BlackElo "2233"]
[EventDate "2005.08.06"]

1. d4 Nf6 2. c4 g6 3. Nc3 Bg7 4. g3 O-O 5. Bg2 d6 6. Nf3 Nc6 7. O-O a6 8.
h3 Bd7 9. e4 e5 10. d5 Nd4 11. Nxd4 exd4 12. Qxd4 Qc8 13. h4 Ng4 14. Qd1
Ne5 15. Qe2 b5 16. Bf4 Nxc4 17. Rac1 b4 18. Nd1 Ne5 19. Bxe5 Bb5 20. Qd2
Bxf1 21. Bxd6 Bxg2 22. Kxg2 Bc3 23. bxc3 cxd6 24. cxb4 Qe8 25. Qd4 Rc8 26.
Rc6 Rxc6 27. dxc6 Qxc6 28. Ne3 f5 29. Nd5 Rf7 30. Nf6+ Kf8 31. Nd5 Kg8 32.
Nf6+ Kf8 33. Nd5 Ke8 34. Qh8+ Kd7 35. Qg8 Re7 36. Nxe7 Qxe4+ 37. Kh2 Qxe7
38. Qc4 Qe1 39. Qd4 Kc6 40. Qc4+ Kb6 41. Qd4+ Kb5 42. Qd5+ Kxb4 43. Qxd6+
Kc3 44. Qxa6 Qxf2+ 45. Kh3 Qg1 46. Qa3+ Kc4 47. Qb3+ Kd4 48. Qf3 Qb1 49. a4
Qa1 50. g4 Qxa4 51. gxf5 Qd7 52. Kg4 gxf5+ 53. Qxf5 Qd6 1/2-1/2

[Event "American Continental"]
[Site "Buenos Aires ARG"]
[Date "2005.08.16"]
[Round "11"]
[White "Blit,J"]
[Black "Burijovich,L"]
[Result "1-0"]
[WhiteElo "2278"]
[BlackElo "2211"]
[EventDate "2005.08.06"]

1. c4 Nf6 2. Nc3 g6 3. g3 Bg7 4. Bg2 O-O 5. Nf3 d6 6. O-O e5 7. d4 Nbd7 8.
Re1 exd4 9. Nxd4 Re8 10. b3 a6 11. h3 Rb8 12. e4 c5 13. Nc2 Qa5 14. Bd2 Qd8
15. a4 b6 16. Bc1 Qc7 17. f4 Bb7 18. Qd3 Nxe4 19. Nxe4 Bxa1 20. Nxa1 f5 21.
Qc3 fxe4 22. Bb2 Ne5 23. fxe5 Rxe5 24. Nc2 Rbe8 25. Ne3 h5 26. Qd2 R5e7 27.
Nd5 Bxd5 28. Qxd5+ Kh7 29. Bxe4 Kh6 30. Bf6 Re5 31. Bxe5 Rxe5 32. Qg8 Qg7
33. Qxg7+ Kxg7 34. Re2 Kf6 35. Kf2 g5 36. Bd3 a5 37. Rxe5 Kxe5 38. Ke3 d5
39. cxd5 Kxd5 1-0

[Event "American Continental"]
[Site "Buenos Aires ARG"]
[Date "2005.08.16"]
[Round "11"]
[White "Daneri,M"]
[Black "Alzate,D"]
[Result "0-1"]
[WhiteElo "2220"]
[BlackElo "2415"]
[EventDate "2005.08.06"]

1. d4 Nf6 2. Nf3 e6 3. Bf4 c5 4. e3 d5 5. Nbd2 Nc6 6. c3 Be7 7. Bd3 Nh5 8.
Bg3 cxd4 9. exd4 Nxg3 10. hxg3 g6 11. Qe2 Bd7 12. O-O-O Qc7 13. Kb1 O-O-O
14. g4 h6 15. Rh3 Bf6 16. Rdh1 Bg7 17. Nf1 Rhe8 18. Ne3 e5 19. dxe5 Nxe5
20. Nxe5 Qxe5 21. Qf3 Be6 22. Nc2 d4 23. cxd4 Rxd4 24. Nxd4 Qxd4 25. Rc1+
Kb8 26. Rc2 Bxg4 27. Qg3+ Be5 28. Qe3 Bxh3 29. Qxh3 a6 30. Qf3 Re6 31. Qxf7
Rb6 32. Qf8+ Ka7 33. Qc5 Qxc5 34. Rxc5 Bxb2 35. Rc2 Ba3+ 36. Ka1 a5 37. Re2
g5 38. Bc2 Rb4 39. Re4 Rb5 40. Re2 Kb8 41. f3 h5 42. Bd3 Rb6 43. Rc2 h4 44.
Be2 a4 45. Bd3 Rb4 46. Be2 b5 47. Bd3 Kb7 48. Be4+ Kb6 49. Rc6+ Ka5 50. Rc8
g4 51. Rc6 h3 52. gxh3 gxh3 53. Rc2 Rd4 54. Rh2 Rd1+ 55. Bb1 Bd6 56. f4
Bxf4 0-1

[Event "American Continental"]
[Site "Buenos Aires ARG"]
[Date "2005.08.16"]
[Round "11"]
[White "Toloza,P"]
[Black "Rodi,L"]
[Result "1/2-1/2"]
[WhiteElo "2349"]
[BlackElo "2242"]
[EventDate "2005.08.06"]

1. Nf3 f5 2. c4 Nf6 3. g3 g6 4. Bg2 Bg7 5. O-O O-O 6. Nc3 d6 7. d4 Nc6 8.
d5 Ne5 9. Nd2 g5 10. f4 Neg4 11. Nf3 c6 12. dxc6 bxc6 13. h3 gxf4 14. hxg4
fxg4 15. Nd4 e5 16. Nxc6 Qb6+ 17. Kh2 fxg3+ 18. Kxg3 Kh8 19. Nd5 Nh5+ 20.
Kh4 Qxc6 21. Kxh5 Be6 22. Rxf8+ Rxf8 23. Be3 g3 24. Kh4 Qxc4+ 25. Kxg3 Qg4+
26. Kh2 Bh6 27. Bxh6 Qh4+ 28. Kg1 Qf2+ 29. Kh2 Rf5 30. e4 Qh4+ 31. Kg1 Qf2+
32. Kh2 Qh4+ 33. Kg1 Qf2+ 34. Kh2 Qh4+ 35. Kg1 Qf2+ 36. Kh2 Qh4+ 1/2-1/2

[Event "American Continental"]
[Site "Buenos Aires ARG"]
[Date "2005.08.16"]
[Round "11"]
[White "Saladen,R"]
[Black "Fierro Baquero,M"]
[Result "0-1"]
[WhiteElo "2229"]
[BlackElo "2340"]
[EventDate "2005.08.06"]

1. d4 g6 2. e4 Bg7 3. f4 c6 4. c4 d5 5. e5 Nh6 6. Nf3 Bg4 7. cxd5 cxd5 8.
Bb5+ Nc6 9. O-O O-O 10. Bxc6 bxc6 11. Nbd2 Nf5 12. Nb3 Nh4 13. Nbd2 f6 14.
Qe1 Nxf3+ 15. Nxf3 Qb6 16. Qe3 Bxf3 17. Rxf3 fxe5 18. fxe5 Rxf3 19. gxf3
Rf8 20. Kg2 Rf5 21. Qc3 Qa6 22. Kf2 Qc8 23. b4 Qe6 24. Bd2 Rh5 25. Bf4 Bh6
26. Bg3 Bg5 27. a4 Bh4 28. Rg1 Kg7 29. Qe1 Bxg3+ 30. hxg3 Rh2+ 31. Rg2 Qh3
32. Qg1 Rh1 0-1

[Event "American Continental"]
[Site "Buenos Aires ARG"]
[Date "2005.08.16"]
[Round "11"]
[White "Negri,Sa"]
[Black "Tovillas,D"]
[Result "0-1"]
[WhiteElo "2104"]
[BlackElo "2310"]
[EventDate "2005.08.06"]

1. e4 c5 2. c3 b6 3. d4 Bb7 4. Bd3 Nf6 5. Qe2 cxd4 6. cxd4 Nc6 7. Nf3 Nb4
8. Nc3 Nxd3+ 9. Qxd3 e6 10. Nd2 Be7 11. h4 O-O 12. h5 d6 13. Qe2 Rc8 14. f3
Nd7 15. Nf1 d5 16. e5 f5 17. f4 Rc4 18. Qd3 Ba6 19. Nd2 Rc8 20. Nf3 b5 21.
a3 Nb6 22. b3 Qd7 23. Bd2 Rc7 24. Kf2 Rfc8 25. Rhc1 h6 26. Ne1 Qe8 27. Qf3
Qf8 28. a4 bxa4 29. Nxa4 Rxc1 30. Rxc1 Rxc1 31. Bxc1 Nxa4 32. bxa4 Bc4 33.
Nc2 Qe8 34. a5 Qa4 35. Ne3 Qa2+ 36. Kg3 Ba6 37. Kh3 Qxa5 38. g4 Bd3 39.
gxf5 Be4 40. Qg4 Qc3 41. Qg3 Qxc1 42. fxe6 Qh1+ 43. Kg4 g6 0-1

[Event "American Continental"]
[Site "Buenos Aires ARG"]
[Date "2005.08.16"]
[Round "11"]
[White "Minaya,J"]
[Black "Toniutti,E"]
[Result "1-0"]
[WhiteElo "2255"]
[BlackElo "2051"]
[EventDate "2005.08.06"]

1. e4 c5 2. Nc3 d6 3. g3 g6 4. Bg2 Bg7 5. d3 Nc6 6. Be3 Rb8 7. Qd2 b5 8.
Nd1 e6 9. c3 Ne5 10. f3 c4 11. d4 Nd3+ 12. Ke2 b4 13. Nh3 f5 14. exf5 gxf5
15. Nhf2 bxc3 16. bxc3 Ba6 17. Nxd3 cxd3+ 18. Kf2 Nf6 19. Re1 O-O 20. Bg5
Re8 21. Kg1 e5 22. Ne3 exd4 23. cxd4 Ne4 24. fxe4 Qxg5 25. h4 Qh6 26. Qa5
Bc8 27. Qa4 Bd7 28. Qc4+ Kh8 29. Qxd3 fxe4 30. Qd2 Qf6 31. Rad1 Ba4 32. Rf1
Qg6 33. Rc1 Bb5 34. Rf5 Bd3 35. Rg5 1-0

[Event "American Continental"]
[Site "Buenos Aires ARG"]
[Date "2005.08.16"]
[Round "11"]
[White "Ronco,R"]
[Black "Giampa,A"]
[Result "1/2-1/2"]
[WhiteElo "2144"]
[BlackElo "2243"]
[EventDate "2005.08.06"]

1. Nf3 c5 2. c4 g6 3. e4 Bg7 4. d4 cxd4 5. Nxd4 Nc6 6. Be3 Nf6 7. Nc3 O-O
8. Be2 d6 9. O-O Bd7 10. Re1 a5 11. Qd2 a4 12. Nxc6 Bxc6 13. f3 Nd7 14.
Rab1 Qa5 15. Rec1 Rfc8 16. b4 axb3 17. axb3 Qb4 18. Nd5 Qxd2 19. Bxd2 Bxd5
20. cxd5 Bd4+ 21. Kf1 Nb6 22. Rxc8+ Rxc8 23. Rc1 Rxc1+ 24. Bxc1 Kg7 25. Bd3
Nd7 26. Ke2 h5 27. f4 Nf6 28. b4 Bc3 29. Bd2 Ba1 30. Bc2 Kf8 31. Kd3 Ke8
32. Be3 Kd8 33. Bb6+ Kc8 34. Ba4 Bb2 35. g3 Nd7 36. Be3 Kc7 37. Bxd7 Kxd7
38. Kc4 Kc7 39. f5 Bf6 40. h3 Kd7 41. b5 Be5 42. g4 hxg4 43. hxg4 gxf5 44.
exf5 f6 1/2-1/2

[Event "American Continental"]
[Site "Buenos Aires ARG"]
[Date "2005.08.16"]
[Round "11"]
[White "Bibiloni,J"]
[Black "Avalos,J"]
[Result "0-1"]
[WhiteElo "2178"]
[BlackElo "2323"]
[EventDate "2005.08.06"]

1. e4 e6 2. Nf3 c5 3. Nc3 a6 4. Be2 b5 5. a3 Bb7 6. d3 Nc6 7. Bf4 d6 8. O-O
Nge7 9. Qd2 h6 10. d4 cxd4 11. Na2 Ng6 12. Bg3 Be7 13. c3 dxc3 14. Nxc3 O-O
15. Rfd1 Nge5 16. Ne1 Qb6 17. b3 Rac8 18. Kh1 Na5 19. Qb2 Bf6 20. Rac1 Rfd8
21. b4 Nac4 22. Qb3 Nc6 23. Nf3 Nd4 24. Nxd4 Bxd4 25. f3 Ne3 26. Rd3 d5 27.
e5 Nf5 28. f4 Bf2 29. Rf1 Bxg3 30. hxg3 d4 31. Nd1 Be4 32. g4 Bxd3 33. Qxd3
Ne3 34. Rf3 Nxd1 35. Qxd1 Qc5 36. Kh2 Qc1 37. Qd3 Rc3 38. Qe4 Rxf3 39. gxf3
Qe3 40. Bd3 Qxe4 41. fxe4 Rc8 42. a4 bxa4 43. Bxa6 Rc2+ 44. Kh3 a3 0-1